[Event "ROM-ch U18"]
[Site "Calimanesti"]
[Date "2015.04.03"]
[Round "6"]
[White "Oprita, George"]
[Black "Toth, Botond Artur"]
[Result "1/2-1/2"]
[WhiteElo "1718"]
[BlackElo "1937"]
[PlyCount "134"]
[EventDate "2015.03.30"]
[EventType "swiss"]
[EventRounds "9"]
[EventCountry "ROU"]
[SourceTitle "CBM 165 Extra"]
[Source "ChessBase"]
[SourceDate "2015.04.21"]
[SourceVersion "1"]
[SourceVersionDate "2015.04.21"]
[SourceQuality "1"]

1. d4 Nf6 2. c4 e6 3. Nc3 Bb4 4. Nf3 h6 5. e3 0-0 6. Bd3 d5 7. 0-0 Nbd7 8. Qb3 Bxc3 9. bxc3 b6 10. cxd5 exd5 11. c4 c6 12. Ba3 Re8 13. cxd5 Nxd5 14. Rac1 Bb7 15. Bd6 N7f6 16. Be5 b5 17. e4 Nb6 18. Bxf6 Qxf6 19. Ne5 Red8 20. Nf3 a6 21. Rc5 Na4 22. Rf5 Qe6 23. Bc2 Bc8 24. Qe3 Nb6 25. Ne5 f6 26. Bb3 Nc4 27. Bxc4 bxc4 28. Nf3 Rb8 29. Rc5 Rb5 30. Rc1 Rxc5 31. dxc5 Rd3 32. Qe2 Qf7 33. Ne1 Rd4 34. h3 Be6 35. Nc2 Rd8 36. Na3 Rd3 37. Qb2 Qg6 38. Nxc4 Bxh3 39. Ne3 Be6 40. Qb8+ Kh7 41. Qf4 Rd4 42. f3 Bxa2 43. Rc2 Bb3 44. Rb2 Rb4 45. Nc2 Rb7 46. Nd4 Qf7 47. Rxb3 Rxb3 48. Nxb3 Qxb3 49. Qf5+ Kg8 50. Qc8+ Kh7 51. Qxc6 a5 52. Qd5 a4 53. c6 Qb1+ 54. Kh2 Qb8+ 55. Kh3 a3 56. Qf5+ Kh8 57. Qd5 a2 58. Qxa2 Qc8+ 59. g4 Qxc6 60. Qd5 Qc3 61. Kg3 Qe1+ 62. Kf4 Qf2 63. Qd3 Qh2+ 64. Kf5 Kh7 65. Ke6 Qe5+ 66. Kf7 Qc7+ 67. Ke6 Qe5+ 1/2-1/2

[Event "ROM-ch U18"]
[Site "Calimanesti"]
[Date "2014.04.06"]
[Round "1"]
[White "Tomici, Stefan"]
[Black "Toth, Botond Artur"]
[Result "1-0"]
[WhiteElo "2231"]
[BlackElo "1870"]
[PlyCount "45"]
[EventDate "2014.04.06"]
[EventType "swiss"]
[EventRounds "9"]
[EventCountry "ROU"]
[SourceTitle "CBM 160 Extra"]
[Source "ChessBase"]
[SourceDate "2014.07.01"]
[SourceVersion "1"]
[SourceVersionDate "2014.07.01"]
[SourceQuality "1"]

1. e4 e5 2. Nf3 Nf6 3. Nxe5 d6 4. Nf3 Nxe4 5. Nc3 Nxc3 6. dxc3 Be7 7. Be3 Nc6 8. Qd2 0-0 9. 0-0-0 Ne5 10. h4 Nxf3 11. gxf3 Bf5 12. h5 Bf6 13. Rg1 Re8 14. Bc4 Be6 15. Bd3 c6 16. a3 b5 17. Rg2 Kh8 18. Rdg1 Rg8 19. Bf4 a5 20. Qe3 d5 21. Be5 Qe7 22. h6 g6 23. Qg5 1-0

[Event "Cap Aurora op"]
[Site "Cap Aurora"]
[Date "2013.06.22"]
[Round "1"]
[White "Sandu, Mihaela"]
[Black "Toth, Botond Artur"]
[Result "1-0"]
[WhiteElo "2237"]
[BlackElo "1790"]
[PlyCount "51"]
[EventDate "2013.06.22"]
[EventType "swiss"]
[EventRounds "9"]
[EventCountry "ROU"]
[SourceTitle "CBM 155 Extra"]
[Source "ChessBase"]
[SourceDate "2013.08.26"]
[SourceVersion "1"]
[SourceVersionDate "2013.08.26"]
[SourceQuality "1"]

1. e4 e5 2. Nf3 Nf6 3. Nxe5 d6 4. Nf3 Nxe4 5. Nc3 Nxc3 6. dxc3 Be7 7. Be3 Nc6 8. Qd2 0-0 9. 0-0-0 Be6 10. Ng5 Bxg5 11. Bxg5 f6 12. Be3 Ne5 13. b3 Ng4 14. Bf4 a5 15. a4 Ne5 16. Be2 Qd7 17. Rhe1 Rae8 18. h3 Qf7 19. Be3 g5 20. g3 Ng6 21. h4 h6 22. Bh5 Kg7 23. f4 f5 24. Bd4+ Kh7 25. hxg5 c5 26. Rh1 1-0

[Event "ROM-ch U16"]
[Site "Calimanesti"]
[Date "2013.04.05"]
[Round "5"]
[White "Toth, Botond Artur"]
[Black "Jakab, Nandor"]
[Result "1-0"]
[WhiteElo "1756"]
[BlackElo "1660"]
[PlyCount "95"]
[EventDate "2013.04.02"]
[EventType "swiss"]
[EventRounds "9"]
[EventCountry "ROU"]
[SourceTitle "CBM 153 Extra"]
[Source "ChessBase"]
[SourceDate "2013.04.22"]
[SourceVersion "1"]
[SourceVersionDate "2013.04.22"]
[SourceQuality "1"]

1. d4 Nf6 2. c4 g6 3. Nc3 d5 4. Bg5 dxc4 5. e3 Bg7 6. Bxc4 0-0 7. Nf3 c5 8. d5 a6 9. a4 Nbd7 10. e4 Qc7 11. 0-0 Ne5 12. Be2 Bg4 13. Nxe5 Bxe2 14. Qxe2 Qxe5 15. f4 Qd4+ 16. Kh1 Rfe8 17. Rad1 Qb4 18. e5 Nh5 19. g4 f6 20. gxh5 fxg5 21. fxg5 gxh5 22. Rf5 Qg4 23. Qxg4 hxg4 24. e6 Rf8 25. Rxf8+ Rxf8 26. Ne4 Be5 27. Kg2 c4 28. Rd2 b5 29. axb5 axb5 30. d6 exd6 31. Nxd6 Bxd6 32. Rxd6 Re8 33. Rb6 Kg7 34. Kg3 Kg6 35. Kxg4 Re7 36. h4 Kg7 37. Kf5 Rc7 38. Rxb5 c3 39. bxc3 Rxc3 40. Rb7+ Kf8 41. Rxh7 Rf3+ 42. Kg6 Re3 43. e7+ Ke8 44. Rg7 Re6+ 45. Kh7 Re4 46. h5 Rh4 47. h6 Rf4 48. Kg8 1-0

[Event "ROM-ch U16"]
[Site "Calimanesti"]
[Date "2013.04.03"]
[Round "2"]
[White "Popa, Mihai Ovidiu"]
[Black "Toth, Botond Artur"]
[Result "0-1"]
[WhiteElo "1607"]
[BlackElo "1756"]
[PlyCount "136"]
[EventDate "2013.04.02"]
[EventType "swiss"]
[EventRounds "9"]
[EventCountry "ROU"]
[SourceTitle "CBM 153 Extra"]
[Source "ChessBase"]
[SourceDate "2013.04.22"]
[SourceVersion "1"]
[SourceVersionDate "2013.04.22"]
[SourceQuality "1"]

1. d4 Nf6 2. c4 g6 3. Nc3 d5 4. cxd5 Nxd5 5. e4 Nxc3 6. bxc3 Bg7 7. Nf3 c5 8. Be3 0-0 9. Qb3 Nc6 10. e5 Na5 11. Qb2 cxd4 12. cxd4 Be6 13. Nd2 Bd5 14. f3 Rc8 15. Be2 Qc7 16. Kf2 b6 17. Rhc1 Qb7 18. Nb3 Nxb3 19. axb3 Rxc1 20. Rxc1 Rc8 21. b4 Rxc1 22. Qxc1 Qc6 23. Qxc6 Bxc6 24. b5 Bd5 25. Bd3 Kf8 26. f4 e6 27. g3 Ke8 28. Bd2 Bf8 29. Ke3 Kd7 30. Ke2 Bb3 31. Ke3 Kc7 32. Be4 Bc4 33. Bd3 Bd5 34. Be4 Bc4 35. Bd3 Bb3 36. Be4 Ba4 37. Bd3 Kb7 38. Be4+ Kb8 39. Bd3 Be7 40. Ke4 a6 41. bxa6 Bc6+ 42. Ke3 Ka7 43. Bc4 b5 44. Bb3 Kxa6 45. Kd3 b4 46. Bc4+ Ka5 47. Kc2 Ka4 48. Bb3+ Kb5 49. Kd3 Bg2 50. Ke3 Bf1 51. d5 Bc5+ 52. Ke4 Bg2+ 53. Kd3 exd5 54. Be3 Bf1+ 55. Kd2 Bxe3+ 56. Kxe3 Bc4 57. Bc2 Kc5 58. h4 b3 59. Bb1 d4+ 60. Kd2 Be6 61. h5 Bf5 62. hxg6 hxg6 63. Bxf5 gxf5 64. g4 fxg4 65. f5 Kd5 66. e6 fxe6 67. f6 Kd6 68. f7 Ke7 0-1

[Event "Miercurea Ciuc Banc Post op 14th"]
[Site "Miercurea Ciuc"]
[Date "2011.08.16"]
[Round "9"]
[White "Fola, Marcel Dan"]
[Black "Toth, Botond Artur"]
[Result "1/2-1/2"]
[WhiteElo "1673"]
[BlackElo "1687"]
[PlyCount "38"]
[EventDate "2011.08.12"]
[EventType "swiss"]
[EventRounds "9"]
[EventCountry "ROU"]
[SourceTitle "CBM 144 Extra"]
[Source "ChessBase"]
[SourceDate "2011.10.28"]
[SourceVersion "1"]
[SourceVersionDate "2011.10.28"]
[SourceQuality "1"]

1. d4 Nf6 2. c4 g6 3. Nc3 d5 4. Bg5 dxc4 5. e4 Bg7 6. Bxc4 0-0 7. Nf3 c6 8. 0-0 b5 9. Bxf6 Bxf6 10. e5 Bg7 11. Bb3 e6 12. Ne4 Bb7 13. Nc5 Qe7 14. Rc1 Rc8 15. Qe2 Na6 16. Nxb7 Qxb7 17. a3 Qd7 18. Rfd1 Nc7 19. Rc5 Bf8 1/2-1/2

[Event "Miercurea Ciuc Banc Post op 14th"]
[Site "Miercurea Ciuc"]
[Date "2011.08.16"]
[Round "9"]
[White "Toth, Botond Artur"]
[Black "Camarascu, Radu Stefan"]
[Result "1/2-1/2"]
[WhiteElo "1687"]
[BlackElo "1823"]
[PlyCount "27"]
[EventDate "2011.08.12"]
[EventType "swiss"]
[EventRounds "9"]
[EventCountry "ROU"]
[SourceTitle "CBM 144 Extra"]
[Source "ChessBase"]
[SourceDate "2011.10.28"]
[SourceVersion "1"]
[SourceVersionDate "2011.10.28"]
[SourceQuality "1"]

1. e4 c5 2. Nf3 e6 3. d4 cxd4 4. Nxd4 Nc6 5. Be3 Nf6 6. Bd3 Be7 7. 0-0 0-0 8. Nc3 a6 9. a4 Qc7 10. Kh1 Ne5 11. f4 Neg4 12. Bg1 e5 13. fxe5 Nxe5 14. Nf5 1/2-1/2

[Event "Miercurea Ciuc Banc Post op 14th"]
[Site "Miercurea Ciuc"]
[Date "2011.08.14"]
[Round "3"]
[White "Dulman, Egmond Gabriel"]
[Black "Toth, Botond Artur"]
[Result "1-0"]
[WhiteElo "2100"]
[BlackElo "1687"]
[PlyCount "73"]
[EventDate "2011.08.12"]
[EventType "swiss"]
[EventRounds "9"]
[EventCountry "ROU"]
[SourceTitle "CBM 144 Extra"]
[Source "ChessBase"]
[SourceDate "2011.10.28"]
[SourceVersion "1"]
[SourceVersionDate "2011.10.28"]
[SourceQuality "1"]

1. d4 Nf6 2. c4 g6 3. Nc3 d5 4. Nf3 Bg7 5. Bf4 0-0 6. e3 b6 7. cxd5 Nxd5 8. Nxd5 Qxd5 9. Bxc7 Na6 10. Bg3 Bb7 11. Be2 Rac8 12. Qa4 Nc7 13. Rc1 b5 14. Qa5 Ne6 15. 0-0 a6 16. Rfd1 f5 17. Ne1 f4 18. Bf3 fxg3 19. Bxd5 gxf2+ 20. Kf1 fxe1Q+ 21. Kxe1 Bxd5 22. Qxa6 Rxc1 23. Rxc1 Rb8 24. e4 Nf4 25. Rc8+ Rxc8 26. Qxc8+ Kf7 27. exd5 Nxd5 28. Qb7 Nb4 29. Qxb5 Nc2+ 30. Kd2 Nxd4 31. Qd5+ Kf8 32. g4 e5 33. b4 Bh6+ 34. Kd3 Bf4 35. b5 Bxh2 36. b6 h5 37. b7 1-0